• 首页
  • 本馆介绍
  • 公告通知
  • 最新文献
  • 馆藏检索
  • 电子资源
  • 读者导购
  • 参考咨询
  • 我的图书馆
  • 登录
  • 详细信息显示
  • 放入我的书架
  • 预约/预借图书
  • 作者相关作品
  • 分类相关作品
  • 丛书相关作品
  • 出版社相关作品

书目信息

  • 表格格式
  • 工作单格式
  • 卡片格式
题名:
大学生思想政治教育与法治教育融合研究
    
 
作者: 付婉莹 著
分册:  
出版信息: 长春   吉林大学出版社  2021.08
页数: 110页
开本: 24cm
丛书名:
单 册:
中图分类: G641 , G641.5
科图分类:
主题词: 大学生--思想政治教育--研究--中国 , 社会主义法制--法制教育--教学研究--高等学校
电子资源:
ISBN: 978-7-5692-8500-0
000 01401nam0 2200253 450
001 012001000345
005 20141201133903.0
010    @a978-7-5692-8500-0@dCNY48.00
100    @a20220905d2021 em y0chiy50 ea
101 0  @achi
102    @aCN@b220000
105    @ay z 000yy
106    @ar
200 1  @a大学生思想政治教育与法治教育融合研究@Ada xue sheng si xiang zheng zhi jiao yu yu fa zhi jiao yu rong he yan jiu@f付婉莹著
210    @a长春@c吉林大学出版社@d2021.08
215    @a110页@d24cm
330    @a本书以马克思主义理论为指导,从大学生思想政治教育与法治教育的相关概念界定和内涵解读着手,系统梳理研究的相关理论内容及理论基础;阐述了大学生法治教育与思想政治教育的内在关联以及二者融合的必要性及紧迫性;从教育主体、教育内容、教育形式、教育客体等四个方面剖析大学生法治教育存在的问题,分析了存在问题的成因在于传统法文化的影响、社会现实的制约、学校教育和管理的影响、家庭教育的制约和大学生自身因素的限制;最后,从整合大学生思想政治教育资源、丰富思想政治教育内容、加强思想政治日常教育、优化思想政治教育工作环境等四个方面进行探讨,力求多方位、多层次解决高校大学生法治教育发展过程中存在的问题,提高大学生思想政治教育与法治教育的互通互融。
606 0  @a大学生@x思想政治教育@x研究@y中国
606 0  @a社会主义法制@x法制教育@x教学研究@x高等学校
690    @aG641@v5
690    @aG641.5@v5
701  0 @a付婉莹@Afu wan ying@c(女)@4著
801  0 @aCN@bAHXH@c20221111
905    @b1369195-9@dG641@e2343@f5
    
    大学生思想政治教育与法治教育融合研究/付婉莹著.-长春:吉林大学出版社,2021.08
    110页;24cm
    
    
    ISBN 978-7-5692-8500-0:CNY48.00
    本书以马克思主义理论为指导,从大学生思想政治教育与法治教育的相关概念界定和内涵解读着手,系统梳理研究的相关理论内容及理论基础;阐述了大学生法治教育与思想政治教育的内在关联以及二者融合的必要性及紧迫性;从教育主体、教育内容、教育形式、教育客体等四个方面剖析大学生法治教育存在的问题,分析了存在问题的成因在于传统法文化的影响、社会现实的制约、学校教育和管理的影响、家庭教育的制约和大学生自身因素的限制;最后,从整合大学生思想政治教育资源、丰富思想政治教育内容、加强思想政治日常教育、优化思想政治教育工作环境等四个方面进行探讨,力求多方位、多层次解决高校大学生法治教育发展过程中存在的问题,提高大学生思想政治教育与法治教育的互通互融。
●
相关链接 在E读中查询图书 在五车中查询图书 在当当中查询图书 在豆瓣中查询图书


正题名:大学生思想政治教育与法治教育融合研究     索取号:G641/2343         预约/预借

序号 登录号 条形码 馆藏地/架位号 状态 备注
1 1369195   213691959   第一样本阅览室/ [索取号:G641/2343] 在馆    
2 1369196   213691968   教育系资料室/ [索取号:G641/2343] 在馆    
3 1369197   213691977   教育系资料室/ [索取号:G641/2343] 在馆    
4 1369198   213691986   第四借阅区/ [索取号:G641/2343] 在馆    
5 1369199   213691995   第四借阅区/ [索取号:G641/2343] 在馆    
唐山师范学院图书馆 欢迎您!
大连网信软件有限公司© 版权所有